000 00991nam a2200253 a 4500
001 BRCA_8466
005 20190320210308.0
008 120116s2015----cn-a######---#000-0#eng-#
020 _a9780300211504
041 _aeng
044 _acn
050 4 _aND1367.N67
_b.P52 2015
245 1 0 _aPicturing the Americas
_bLandscape Painting from Tierra del Fuego to the Arctic
_cedited by Peter John Brownlee, Valéria Piccoli and Georgiana Uhlyarik.
260 _aToronto, Ontario, Canadá
_bArt Gallery of Ontario ; New Haven, Connecticut : Yale University Press
_c2015
300 _a280 p.
_bil. a color
_c28 cm.
500 _aIncluye índice alfabético
502 _aBibliografía : p. 261-267
650 1 4 _aPintura de paisajes
_xHistoria
_zNorteamérica
_921200
650 1 4 _aPintura de paisajes
_xHistoria
_zSudamérica
_921201
700 1 _aBrownlee, Peter John
_eed.
_921202
700 1 _aPiccoli, Valéria
_eed.
_921203
700 1 _aUhlyarik, Georgiana
_d1972-
_eed.
_921204
942 _2lcc
_cB
999 _c8133
_d8133